Statistics for Odyssey Characters #1

Click here to take the quiz!

General Stats

  • This quiz has been taken 542 times
  • The average score is 9 of 13

Answer Stats

HintCharacter% Correct
Main character of The OdysseyOdysseus
98%
God of GodsZeus
97%
Goddess of Wisdom/ Grey Eyed GoddessAthena
90%
God of the SeaPoseidon
90%
Main character's wifePenelope
88%
Main character's sonTelemachus
74%
Odysseus's CaptorCalypso
68%
Sun GodHelios
62%
Father of OdysseusLaertes
52%
Leading suitorsAntinous
38%
Swineherd of the palace of OdysseusEumaeus
37%
Leading suitorsEurymachus
30%
Famed sailors of ScheriaPhaecians
25%

Score Distribution

Percentile by Number Answered

Percent of People with Each Score

Your Score History

You have not taken this quiz